00790nam a22002057a 4500999001900000005001700019010001500036020002700051035001400078037001300092082001200105100002100117245010500138260004400243270007700287300002000364500005000384942002600434952012400460 c173688d17368820200915115128.0 aENG-127994 a9789353286712c1095.00 aEN-111526 bDBAD/PUB a338.954 aMishra, Prahlad  aEconomic Reforms in SAARC Countries :cby Prahlad Mishrab Impact of LPG on Development Indicators/ aNew DelhibSage Publication Indiac2020 aB1/1-1 Mohan Cooperative Industrial Area Mathura RoadbNew Delhie110044 a257p.c22cm(hb) aincludes bibliographical references and index 2ddccENh338.954mMIS 001040708NFICaAGbAGd2020-03-05eDBAD/PUBg1095.00l0o338.954 MISpEN-111526r2020-03-05 00:00:00t1v1095.00yEN